JR西日本の廃駅 - Statistics

General Stats
  • This quiz has been taken 55 times
  • The average score is 56 of 180
Answer Stats
Hint Answer % Correct
若桜
76%
宮津
73%
市振
70%
輪島
70%
信楽
70%
大社
70%
三段峡
70%
68%
黒部
68%
魚津
68%
倶利伽羅
68%
親不知
65%
石動
65%
東金沢
65%
片町線 片町
65%
鍛冶屋
65%
青海
62%
滑川
62%
越中宮崎
59%
東滑川
59%
東富山
59%
小杉
59%
穴水
59%
珠洲
59%
入善
57%
越中大門
57%
蛸島
57%
天橋立
57%
石見川本
57%
錦町
57%
美祢線 大嶺
57%
筒石
54%
能生
54%
呉羽
54%
西高岡
54%
森本
54%
安芸亀山
54%
北陸本線 谷浜
51%
浦本
51%
福岡
51%
能登中島
51%
三江線 江津本町
51%
有間川
49%
西入善
49%
名立
46%
梶屋敷
46%
水橋
46%
長谷
46%
可部線 河戸
46%
生地
43%
岩瀬浜
43%
宇津井
43%
加計
43%
能登鹿島
41%
珠洲飯田(飯田)
41%
丹後山田(野田川→与謝野)
41%
丹後大宮(京丹後大宮)
41%
丹後木津(木津温泉→夕日ヶ浦木津温泉)
41%
久美浜
41%
41%
38%
鍛冶屋線 西脇
38%
浜原
38%
38%
七尾線 田鶴浜
35%
丹後由良
35%
但馬三江(コウノトリの郷)
35%
口羽
35%
作木口
35%
尾関山
35%
勅旨
32%
峰山
32%
網野
32%
丹後神野(小天橋)
32%
32%
粕淵
32%
富山港線 富山口
30%
笠師保
30%
能登小木(九十九湾小木)
30%
甲山(かぶと山)
30%
岩日線 御庄(清流新岩国)
30%
能登三井
27%
能登市ノ瀬
27%
宇出津
27%
真脇(縄文真脇)
27%
東雲
27%
丹後神崎
27%
千金
27%
乙原
27%
恋路
24%
正院
24%
信楽線 雲井
24%
栗田
24%
丹比
24%
石見都賀
24%
香淀
24%
津浪
24%
戸河内
24%
越中中島
22%
競輪場前
22%
西岸
22%
能登線 中居
22%
宮津線 四所
22%
岩滝口
22%
因原
22%
伊賀和志
22%
式敷
22%
22%
松波
19%
能登鵜飼(鵜飼)
19%
若桜線 因幡船岡
19%
八東
19%
大社線 出雲高松
19%
木路原
19%
信木
19%
殿賀
19%
山陰本線 緑化フェア梅小路
16%
きりはまビーチ
16%
城川原
16%
東岩瀬
16%
比良
16%
古君
16%
鵜川
16%
石見川越
16%
所木
16%
船佐
16%
安芸飯室
16%
筒賀
16%
北河内
16%
蓮町(馬場記念公園前)
14%
鹿波
14%
前波
14%
矢波
14%
波並
14%
藤波
14%
能登白丸(白丸)
14%
荒茅
14%
川平
14%
川戸
14%
田津
14%
石見簗瀬
14%
明塚
14%
沢谷
14%
石見松原
14%
粟屋
14%
今井田
14%
毛木
14%
木坂
14%
上殿
14%
南河内
14%
下奥井
11%
大広田(萩浦小学校前)
11%
立戸ノ浜(沖波)
11%
羽根
11%
能登小浦(小浦)
11%
能登川尻(九里川尻)
11%
南黒丸
11%
上戸
11%
福塩線 八田原
11%
鹿賀
11%
江平
11%
小河内
11%
安野
11%
田之尻
11%
土居
11%
行波
11%
椋野
11%
南桑
11%
根笠
11%
柳瀬
11%
鵜島
8%
曽我井
8%
安部
8%
水内
8%
坪野
8%
香草
8%
河山
8%
市原
5%
羽安
5%
中村町
5%
No matching quizzes found
Score Distribution
Percent of People with Each Score
Percentile by Number Answered
Your Score History
You have not taken this quiz